02303njm a2200385Ia 450000100060000000300090000600500170001500800410003204000130007304000130008610000110009910000180011010000380012824500220016625000110018826000110019926000360021030000100024630000290025650001000028550503660038551100580075165000560080970001010086570000880096670001220105470000810117670000910125770000930134870000920144170001130153370000780164670000910172470001020181527128IT-RoPAU20220918181207.0131025s9999 xx 000 0 und d aIT-RoPAU cIT-RoPAU aAA.VV. eAutore musica gCodice autore musica SPICS: 12000 aClassic in spot 2 a1a ed. aMILANO bFIVE RECORDc1985 [1a Ed.:1985] aDISCO c45 minuti (Testo: pag.) aColonna sonora. Grandi temi di musica classica in tv. Spot pubblicitari. Musica in pubblicità aGuglielmo Tell: passo a sei (4:00) - Nabucco: va pensiero (4:00) - Il pipistrello: ouverture (4:00) - Can can (3:00) - Danza delle spade (3:00) - Cavalcata delle Walkirie (6:00) - Polacca n. 6 "Eroica" (4:00) - Sinfonia n. 7 [(Apoteosi della danza) (4:00)] - Moldava (4:00) - Danza delle ore (2:00) - Sul bel Danubio blu (6:00) - Alleluja! da "il messia" (5:00) aManhattan Festival Orchestra diretta da Lensky Arthur aCOLONNA SONORA [DISCHI]eCodice MATERIA SPICS: 9950 aRossini GioachinodCodice autore musica SPICS: 11125eAutore musicapGuglielmo Tell: passo a sei aVerdi GiuseppedCodice autore musica SPICS: 89eAutore musicapNabucco: va pensiero aStrauss Johann Jr.dCodice autore musica SPICS: 11164eAutore musicapIl pipistrello: ouverture - Sul bel Danubio blu aOffenbach JacquesdCodice autore musica SPICS: 11045eAutore musicapCan can aKhatchaturian AramdCodice autore musica SPICS: 5094eAutore musicapDanza delle spade aWagner RicharddCodice autore musica SPICS: 563eAutore musicapCavalcata delle Walkirie aChopin FryderykdCodice autore musica SPICS: 8056eAutore musicapPolacca n. 6 (Eroica) aBeethoven Ludwig VandCodice autore musica SPICS: 10721eAutore musicapSinfonia n. 7 (Apoteosi della danza) aSmetana BedrichdCodice autore musica SPICS: 9974eAutore musicapMoldava aPonchielli AmilcaredCodice autore musica SPICS: 13061eAutore musicapDanza delle ore aHandel Georg FriedrichdCodice autore musica SPICS: 5619eAutore musicapAlleluja! (da il messia)